Online
Catalog

Fundamentos de derecho ambiental / (Record no. 14738)

MARC details
000 -CABECERA
campo de control de longitud fija 01200nam a2200253 a 4500
001 - NÚMERO DE CONTROL
campo de control 000015167
005 - FECHA Y HORA DE LA ÚLTIMA TRANSACCIÓN
campo de control 20250715131054.0
008 - DATOS DE LONGITUD FIJA--INFORMACIÓN GENERAL
campo de control de longitud fija 100202s2000 dr 001 0 spa d
020 ## - NÚMERO INTERNACIONAL ESTÁNDAR DEL LIBRO
Número Internacional Estándar del Libro 999340022X
040 ## - FUENTE DE LA CATALOGACIÓN
Centro catalogador/agencia de origen DO-SdBNP
Lengua de catalogación spa
Centro/agencia transcriptor BNPHU
082 ## - NÚMERO DE LA CLASIFICACIÓN DECIMAL DEWEY
Número de clasificación 344.046
Número de documento/Ítem M843f
049 ## - FONDOS LOCALES (OCLC)
Fondos de biblioteca BNPD
100 1# - ENTRADA PRINCIPAL--NOMBRE DE PERSONA
Nombre de persona Moreno, Santa
9 (RLIN) 17783
245 10 - MENCIÓN DE TÍTULO
Título Fundamentos de derecho ambiental /
Mención de responsabilidad, etc. Santa Moreno ; presentación Julio Genaro Campillo Pérez.
260 ## - PUBLICACIÓN, DISTRIBUCIÓN, ETC.
Lugar de publicación, distribución, etc. Santo Domingo :
Nombre del editor, distribuidor, etc. Cocolo,
Fecha de publicación, distribución, etc. 2000.
Fabricante Búho
500 ## - NOTA GENERAL
Nota general Incluye datos biográficos del autor en la solapa
505 2# - NOTA DE CONTENIDO CON FORMATO
Nota de contenido con formato Presentación -- Programa Derecho Ambiental -- Introducción -- Antecedentes y desarrollo del medio ambiente -- Leyes relacionadas al medio ambiente -- legislación internacional -- Organizaciones internacionales relacionadas con el medio ambiente -- Deforestación y consecuencia -- Derecho espacial -- La educación ambiental.
650 #4 - PUNTO DE ACCESO ADICIONAL DE MATERIA--TÉRMINO DE MATERIA
Término de materia o nombre geográfico como elemento de entrada Control ambiental
Subdivisión general Legislación
9 (RLIN) 34340
650 #4 - PUNTO DE ACCESO ADICIONAL DE MATERIA--TÉRMINO DE MATERIA
Término de materia o nombre geográfico como elemento de entrada Protección del medio ambiente
Subdivisión general Legislación
9 (RLIN) 34341
650 #4 - PUNTO DE ACCESO ADICIONAL DE MATERIA--TÉRMINO DE MATERIA
Término de materia o nombre geográfico como elemento de entrada Contaminación
9 (RLIN) 10807
650 #0 - PUNTO DE ACCESO ADICIONAL DE MATERIA--TÉRMINO DE MATERIA
Término de materia o nombre geográfico como elemento de entrada Educación ambiental
9 (RLIN) 3422
650 #4 - PUNTO DE ACCESO ADICIONAL DE MATERIA--TÉRMINO DE MATERIA
Término de materia o nombre geográfico como elemento de entrada Derecho espacial
9 (RLIN) 34342
700 1# - PUNTO DE ACCESO ADICIONAL--NOMBRE DE PERSONA
Nombre de persona Campillo Pérez, Julio Genaro
9 (RLIN) 13954
999 ## - NÚMEROS DE CONTROL DE SISTEMA (KOHA)
-- 0000170
Holdings
Estado de retiro Estado de pérdida Restricciones de uso No para préstamo Código de colección Localización permanente Ubicación/localización actual Ubicación en estantería Fecha de adquisición Número de inventario Total de préstamos Signatura topográfica completa Código de barras Fecha visto por última vez Número de copia Precio válido a partir de Tipo de ítem Koha
    Préstamo interno   Dominicana de Servicio General General En catalogación 02.02.2010 LF1   344.046 M843f 15167-30 25.06.2020 e. 4 25.06.2020 Libro y Folleto Colección Dominicana de Servicio
    Préstamo interno   Dominicana de Servicio General General En catalogación 02.02.2010 LF1   344.046 M843f 15167-40 25.06.2020 e. 3 25.06.2020 Libro y Folleto Colección Dominicana de Servicio
    Préstamo interno   Dominicana de Servicio General General En catalogación 02.02.2010 LF1   344.046 M843f 15167-50 25.06.2020 e. 5 25.06.2020 Libro y Folleto Colección Dominicana de Servicio
      Excluido de préstamo Patrimonio Dominicano Patrimonio Dominicano Patrimonio Dominicano En catalogación 02.02.2010 LF1   344.046 M843f 15167-10 25.06.2020 e. 2 25.06.2020 Libro y Folleto Colección Patrimonio Dominicano
      Excluido de préstamo Patrimonio Dominicano Patrimonio Dominicano Patrimonio Dominicano En catalogación 02.02.2010 LF1   344.046 M843f 15167-20 25.06.2020   25.06.2020 Libro y Folleto Colección Patrimonio Dominicano

Powered by Koha